00501nam a2200169Ii 450000100060000000300090000600800410001504000330005604100080008908200230009724500630012026400550018330000120023833600260025033700280027633800270030413661CO-ViMGA241108s9999||||xx |||||||||||||| ||und|| aCO-ViMGAbspaerdacCO-ViMGA0 aspa04aF.FC Co868.6 - A5710aAntología de Pedro Gómez Valderrama:bProsa y poesía 1aBogotá, Colombia : Instituto Caro y Cuervo, 1995 avolumen atextbtxt2rdacontent aunmediatedbn2rdamedia avolumebnc2rdacarrier